000 00306nam a2200133Ia 4500
008 191201s1994 xx 000 0 und d
082 _a530
_bPIS
100 _aPILLAI,S.O
245 0 _aSolid State Physics
260 _aN. Delhi
_bWILEY EASTERN
_c1994
300 _a388
650 _aApplied
942 _2ddc
_cBK
999 _c643
_d643